000 00708nam a2200253Ia 4500
003 OSt
005 20220918222331.0
006 a|||||r|||| 00| 0
007 ta
008 220917b |||||||| |||| 00| 0 eng d
024 _a216,460
037 _cTextual
040 _aARTS
_cARTS
_beng
041 _2eng
_aeng
082 _aV3.N51<-N01, P2
100 _aRobbins Keith Ed.
_9142817
245 0 _aBritish Isles 1901-1951
260 _aOxford
_bOxford university press
_c2002
300 _axiv, 285p
_ccm.
490 _aThe short Oxford history of the British isles
650 _aHISTORY
942 _hV3.N51<-N01, P2
_cTEXL
_2CC
999 _c275198
_d275198